| 000 | 00488nam a22001697a 4500 | ||
|---|---|---|---|
| 005 | 20251108165816.0 | ||
| 008 | 250721s1985 xx 000 0 ara d | ||
| 082 | 1 | 4 | _aط/539.76/ذرا |
| 245 | 1 | 0 | _aالذرات و الإلكترونات / |
| 264 | 1 |
_aجنيف : _bشركة ترادكسيم، _c1985. |
|
| 300 | _aج : مص | ||
| 490 | 0 | _aكتاب المعرفة | |
| 650 | 1 | 7 | _aالفيزياء الذرية |
| 650 | 1 | 7 | _aالإلكترونات |
| 942 |
_2ddc _cBK |
||
| 999 |
_c31827 _d31827 |
||